Villes de France à terminer (click quiz) - Statistiques

Statistiques générales
  • Ce quiz a été pris 146 fois
  • Le résultat moyen est 13 sur 14
Statistiques - réponses
Hint Réponse % Correct
Vitry-sur-S eine
100%
Saint-Den is
99%
Aix-en-Pro vence
99%
Aulnay-sous-B ois
97%
Saint-Naz aire
95%
Boulogne-Bill ancourt
95%
Champigny-sur-M arne
95%
Saint-Et ienne
94%
Noisy-le-G rand
93%
Fort-de-F rance
92%
Cherbourg-en-Cot entin
91%
Rueil-Malm aison
89%
Saint-Maur-des-F ossés
89%
Clermont-Fe rrand
80%
Aucun quiz correspondant
Distribution des résultats
% des personnes avec chaque résultat
Percentile par nombre de réponses
Votre historique - résultats
Vous n’avez pas pris ce quiz